[Event "Africa-ch"]
[Site "Maputo MOZ"]
[Date "2011.06.06"]
[Round "3"]
[White "Solomons, Deon"]
[Black "Belouadah, Saad"]
[Result "1/2-1/2"]
[WhiteElo "2214"]
[BlackElo "2342"]
[EventDate "2011.06.04"]
[PlyCount "174"]

1.c4 Nf6 2.Nf3 c6 3.b3 d6 4.d3 e5 5.Nbd2 Bg4 6.a3 Nbd7 7.Bb2 Be7 8.Qc2 Rc8
9.g3 O-O 10.Bg2 Re8 11.O-O Bf8 12.e4 d5 13.h3 Bh5 14.Rfe1 d4 15.Nh4 a5 16.
Bc1 Nc5 17.Rb1 b5 18.Nf1 Nfd7 19.Nf5 f6 20.Bd2 Bf7 21.b4 axb4 22.axb4 Nxd3
23.Qxd3 bxc4 24.Qf3 Ra8 25.Ra1 Qc7 26.g4 Qb7 27.Rab1 c3 28.Bc1 c5 29.b5 
Ba2 30.Ra1 Qxb5 31.g5 d3 32.gxf6 Nxf6 33.Bg5 Bf7 34.Rab1 Qd7 35.Rbd1 c4 
36.N1e3 Bh5 37.Ng4 Nxg4 38.hxg4 Bf7 39.Ne3 Qa4 40.Nd5 c2 41.Rc1 Bxd5 42.
exd5 Bb4 43.d6 Bxe1 44.Qd5+ Kh8 45.d7 Bc3 46.Be4 Red8 47.Bf5 d2 48.Bxd2 
Bxd2 49.Qxd2 Qc6 50.Qxc2 Rab8 51.Qxc4 Qxc4 52.Rxc4 g6 53.Be6 Kg7 54.g5 Kf8
55.Rc5 Rb1+ 56.Kg2 Re1 57.f3 Ke7 58.Bg4 Kd6 59.Rc8 Ke7 60.Rc5 Kd6 61.Rc8 
Rxd7 62.Bxd7 Kxd7 63.Rh8 Ke6 64.Rxh7 Kf5 65.Kf2 Ra1 66.Rf7+ Kxg5 67.Ke3 
Ra4 68.Rf8 Rb4 69.Rf7 Rb1 70.Rf8 Re1+ 71.Kf2 Ra1 72.Ke3 Kh4 73.Kf2 Ra2+ 
74.Ke3 g5 75.Rh8+ Kg3 76.Rg8 Ra3+ 77.Ke4 Kh4 78.Rh8+ Kg3 79.Rg8 Kh4 80.
Rh8+ Kg3 81.Rg8 Ra4+ 82.Kxe5 Ra5+ 83.Ke4 Kh3 84.Rh8+ Kg3 85.Rg8 Kf2 86.Rg7
Ra4+ 87.Kf5 Kxf3 1/2-1/2

[Event "Africa-ch"]
[Site "Maputo MOZ"]
[Date "2011.06.06"]
[Round "3"]
[White "Steel, Henry"]
[Black "Paiva, Donaldo"]
[Result "1-0"]
[WhiteElo "2328"]
[BlackElo "2121"]
[EventDate "2011.06.04"]
[PlyCount "49"]

1.e4 c5 2.Nf3 d6 3.d4 cxd4 4.Nxd4 Nf6 5.Nc3 a6 6.Be2 e5 7.Nb3 Be7 8.O-O 
O-O 9.Kh1 b6 10.f4 Bb7 11.Bf3 b5 12.Nd5 Nxd5 13.exd5 Nd7 14.Bd2 Rc8 15.a4 
Bf6 16.Na5 Ba8 17.axb5 axb5 18.Nc6 Bxc6 19.dxc6 Nc5 20.Bd5 Ne6 21.Ba5 Qe7 
22.f5 Nd4 23.c7 e4 24.c3 e3 25.Qd3 1-0

[Event "Africa-ch"]
[Site "Maputo MOZ"]
[Date "2011.06.07"]
[Round "4"]
[White "Aderito, Pedro"]
[Black "El-Taher, Fouad"]
[Result "0-1"]
[WhiteElo "2339"]
[BlackElo "2486"]
[EventDate "2011.06.04"]
[PlyCount "140"]

1.c4 c5 2.Nc3 g6 3.e3 Bg7 4.g3 Nc6 5.Bg2 Nh6 6.Nge2 Nf5 7.d3 a6 8.a3 Rb8 
9.O-O O-O 10.b4 cxb4 11.axb4 Nxb4 12.d4 d6 13.Qb3 a5 14.Rd1 Bd7 15.Ba3 Nc6
16.Nb5 b6 17.Nec3 Qc8 18.Na4 Qa6 19.Bb2 Rbc8 20.e4 Nh6 21.Nac3 Ng4 22.h3 
Nf6 23.f4 Ne8 24.e5 Rd8 25.d5 Na7 26.e6 fxe6 27.dxe6 Bc6 28.Nd5 Bxd5 29.
Bxd5 Rc8 30.f5 Rc5 31.Bxg7 Kxg7 32.Nc3 Nf6 33.Na4 Rc7 34.Qxb6 Qxb6+ 35.
Nxb6 Rb8 36.Rab1 gxf5 37.Na8 Rxb1 38.Rxb1 Rc5 39.Nb6 Nxd5 40.Nxd5 Nc6 41.
Rb7 Rxc4 42.Nxe7 Nxe7 43.Rxe7+ Kf6 44.Rxh7 Kxe6 45.Kf2 a4 46.Kf3 Ke5 47.
Re7+ Kf6 48.Re8 Rb4 49.Rf8+ Ke5 50.Re8+ Kd5 51.Rf8 Ke6 52.Re8+ Kf7 53.Rd8 
Ke7 54.Ra8 Rd4 55.Ra5 Ke6 56.Ra8 Rb4 57.Re8+ Kf7 58.Rd8 Rd4 59.Ra8 Rb4 60.
Rd8 Ke7 61.Ra8 Kf6 62.Rf8+ Ke5 63.Re8+ Kd4 64.Kf4 a3 65.Ra8 Kc3+ 66.Kxf5 
Kb3 67.h4 Ra4 68.Re8 a2 69.Re1 a1=Q 70.Rxa1 Rxa1 0-1

[Event "Africa-ch"]
[Site "Maputo MOZ"]
[Date "2011.06.07"]
[Round "4"]
[White "Adly, Ahmed"]
[Black "Amin, Bassem"]
[Result "1-0"]
[WhiteElo "2630"]
[BlackElo "2596"]
[EventDate "2011.06.04"]
[PlyCount "105"]

1.d4 Nf6 2.Nf3 e6 3.e3 c5 4.c4 d5 5.Nc3 cxd4 6.exd4 Be7 7.Bd3 dxc4 8.Bxc4 
O-O 9.O-O Nc6 10.a3 b6 11.Qd3 Bb7 12.Rd1 Rc8 13.Ba2 a6 14.Bf4 b5 15.d5 
exd5 16.Nxd5 Nxd5 17.Bxd5 Na5 18.Qe4 Bxd5 19.Rxd5 Rc4 20.Qd3 Qb6 21.Bd2 
Rc7 22.Re1 h6 23.Ne5 Nb7 24.b4 Re8 25.Nd7 Qg6 26.Bf4 Qxd3 27.Rxd3 Rc4 28.
g3 Nd8 29.Nb6 Rc6 30.Rxe7 Rxe7 31.Rxd8+ Kh7 32.Nd7 g5 33.Be3 Kg6 34.Nc5 a5
35.Rb8 axb4 36.axb4 Rd6 37.Rxb5 f5 38.h3 h5 39.Rb8 Rg7 40.Kf1 h4 41.g4 f4 
42.Ne4 Rd3 43.Ke2 Rb3 44.Rb6+ Kf7 45.Nd2 Ra3 46.Rb5 Ke6 47.Bd4 Rd7 48.Re5+
Kf7 49.Bb2 f3+ 50.Kd1 Rb3 51.Rf5+ Ke6 52.Re5+ Kf7 53.Bc1 1-0

[Event "Africa-ch"]
[Site "Maputo MOZ"]
[Date "2011.06.07"]
[Round "4"]
[White "Alice Mateus, Felizardo Viageiro"]
[Black "Njili, Kamel"]
[Result "0-1"]
[WhiteElo "2190"]
[BlackElo "2305"]
[EventDate "2011.06.04"]
[PlyCount "64"]

1.e4 c5 2.Nf3 d6 3.d4 cxd4 4.Nxd4 Nf6 5.Nc3 Bd7 6.Bg5 Nc6 7.Qd2 a6 8.Be2 
e6 9.f3 h6 10.Be3 b5 11.O-O Be7 12.a4 b4 13.Nd1 d5 14.Nxc6 Bxc6 15.e5 Nd7 
16.f4 a5 17.Bd4 Bc5 18.Kh1 Qb6 19.c3 O-O 20.f5 exf5 21.Rxf5 Rae8 22.Bf3 
Bb7 23.Rh5 f6 24.Bxc5 Qxc5 25.exf6 Nxf6 26.Rh4 Ne4 27.Qd4 Qxd4 28.cxd4 Nd2
29.Nf2 Nxf3 30.gxf3 Rxf3 31.Kg2 Rb3 32.Rc1 Rxb2 0-1

[Event "Africa-ch"]
[Site "Maputo MOZ"]
[Date "2011.06.07"]
[Round "4"]
[White "Belouadah, Saad"]
[Black "Roberto Soares, Erikson"]
[Result "1-0"]
[WhiteElo "2342"]
[BlackElo "2196"]
[EventDate "2011.06.04"]
[PlyCount "93"]

1.d4 d5 2.Nf3 Nf6 3.g3 g6 4.Bg2 Bg7 5.c4 c6 6.cxd5 Nxd5 7.O-O O-O 8.e4 Nb6
9.h3 N8d7 10.Nc3 e5 11.Bg5 Qe8 12.d5 h6 13.Be3 f5 14.Re1 cxd5 15.exf5 gxf5
16.Bxb6 axb6 17.Nxd5 Qd8 18.Nh4 e4 19.Qb3 Kh7 20.Red1 Ra6 21.Nf4 Qf6 22.
Ne6 Rf7 23.Rac1 Nc5 24.Nxc5 bxc5 25.Rxc5 Be6 26.Qe3 Kg8 27.a3 Rf8 28.Rd2 
Rb6 29.b4 Ra6 30.Kh2 Qa1 31.Ng6 Rf7 32.Rd8+ Kh7 33.Nf4 Rxa3 34.Qd2 Bb3 35.
Qd6 Ra6 36.Qd2 Ra2 37.Qe3 Rb2 38.Bxe4 Qf1 39.Nd3 Re2 40.Bg2 Rxe3 41.Bxf1 
Re4 42.Nf4 Rxb4 43.Bd3 Rf8 44.Bxf5+ Kg8 45.Rd7 Rf7 46.Rc8+ Bf8 47.Ng6 1-0

[Event "Africa-ch"]
[Site "Maputo MOZ"]
[Date "2011.06.07"]
[Round "4"]
[White "Domingos, Ediberto"]
[Black "Solomons, Deon"]
[Result "0-1"]
[WhiteElo "2201"]
[BlackElo "2214"]
[EventDate "2011.06.04"]
[PlyCount "102"]

1.d4 Nf6 2.Nf3 g6 3.g3 Bg7 4.Bg2 d6 5.O-O O-O 6.c4 c6 7.Nc3 Nbd7 8.e4 e5 
9.dxe5 dxe5 10.Qc2 Qe7 11.a4 a5 12.b3 Nc5 13.Ba3 b6 14.Rad1 Re8 15.Ne1 Bf8
16.Nd3 Qc7 17.Nxc5 bxc5 18.Ne2 Nh5 19.Bb2 f6 20.f4 Bh6 21.Bf3 Bh3 22.Rf2 
Ng7 23.Qc3 Ne6 24.fxe5 fxe5 25.Nf4 Bxf4 26.gxf4 Nxf4 27.Qe3 Qe7 28.Kh1 
Rad8 29.Rfd2 Rxd2 30.Qxd2 g5 31.Qd6 g4 32.Qxe7 Rxe7 33.Rd8+ Kf7 34.Bd1 Ne6
35.Rh8 Nf8 36.Kg1 Kg7 37.Rxf8 Kxf8 38.Be2 Rb7 39.Bxe5 Rxb3 40.Bd6+ Kf7 41.
Bxc5 Ke6 42.Bd4 Rb4 43.Kf2 Rxa4 44.Ke3 Ra3+ 45.Kf4 Ra2 46.Ke3 a4 47.c5 Ke7
48.Be5 h5 49.Bd6+ Kd7 50.e5 Ra3+ 51.Kf4 h4 0-1

[Event "Africa-ch"]
[Site "Maputo MOZ"]
[Date "2011.06.07"]
[Round "4"]
[White "El-Gindy, Essam"]
[Black "Ezat, Mohamed"]
[Result "1-0"]
[WhiteElo "2506"]
[BlackElo "2453"]
[EventDate "2011.06.04"]
[PlyCount "97"]

1.d4 Nf6 2.c4 g6 3.Nc3 Bg7 4.e4 d6 5.f4 O-O 6.Nf3 Na6 7.Be2 e5 8.fxe5 dxe5
9.d5 Nc5 10.Bg5 h6 11.Bxf6 Qxf6 12.b4 Na6 13.a3 c5 14.Rb1 Rd8 15.b5 Nc7 
16.O-O Ne8 17.Kh1 b6 18.a4 Qe7 19.a5 Nd6 20.Ra1 Rb8 21.axb6 axb6 22.Qc2 f5
23.Ra3 Rf8 24.Bd3 f4 25.h3 g5 26.Nh2 h5 27.Be2 g4 28.hxg4 hxg4 29.Nxg4 f3 
30.gxf3 Bxg4 31.fxg4 Qh4+ 32.Kg2 Rxf1 33.Bxf1 Rf8 34.Nd1 Qxg4+ 35.Rg3 
Qxe4+ 36.Qxe4 Nxe4 37.Ra3 Nd6 38.Ra1 Rb8 39.Nc3 Bf6 40.Bd3 Bd8 41.Ne4 Bc7 
42.Nxd6 Bxd6 43.Ra7 Kf8 44.Kf3 Be7 45.Bf5 Kf7 46.Ke4 Kf6 47.Rc7 Rd8 48.Rb7
Rd6 49.Be6 1-0

[Event "Africa-ch"]
[Site "Maputo MOZ"]
[Date "2011.06.07"]
[Round "4"]
[White "Jere, Daniel"]
[Black "Haddouche, Mohamed"]
[Result "1/2-1/2"]
[WhiteElo "2320"]
[BlackElo "2398"]
[EventDate "2011.06.04"]
[PlyCount "160"]

1.c4 b6 2.e4 Bb7 3.Nc3 c5 4.g3 d6 5.Bg2 e6 6.Nge2 a6 7.O-O Nf6 8.d3 Qc7 9.
h3 g6 10.f4 Bg7 11.f5 Nc6 12.Nf4 Nd4 13.g4 Nd7 14.Be3 Be5 15.fxe6 fxe6 16.
Nce2 Nf8 17.Nxd4 cxd4 18.Bd2 O-O-O 19.a4 Qe7 20.a5 h5 21.g5 Qxg5 22.Nxe6 
Qg3 23.Nf4 Bxf4 24.Bxf4 Qh4 25.Kh2 Ne6 26.Bg3 Qe7 27.axb6 Rhf8 28.c5 Rxf1 
29.Qxf1 dxc5 30.Rc1 h4 31.Be5 Rf8 32.Qe1 Kd7 33.Qd2 Ng5 34.Bf4 Ne6 35.Bc7 
Nxc7 36.bxc7 Qe5+ 37.Kg1 Qxc7 38.b4 Qf4 39.Qxf4 Rxf4 40.Rxc5 Rf8 41.Rc4 
Ke6 42.Rxd4 Bc6 43.Bf1 Ke5 44.Rc4 Bb5 45.Rc5+ Kd4 46.Rc7 Rf3 47.Kg2 Rg3+ 
48.Kh2 g5 49.Rc5 Ba4 50.Rc4+ Ke3 51.Rc5 Bd1 52.Rc1 Bf3 53.Rc2 Kd4 54.Rd2 
Bh5 55.Ra2 Rf3 56.Kg2 Rf6 57.Ra5 Bf3+ 58.Kg1 Rb6 59.Kf2 g4 60.Rh5 Rxb4 61.
hxg4 Bxg4 62.Rxh4 Rb2+ 63.Kg3 Bd1 64.e5+ Kxe5 65.d4+ Kd5 66.Bg2+ Kc4 67.
d5+ Kc5 68.Rh6 a5 69.Rc6+ Kb5 70.Bf1+ Be2 71.Bxe2+ Rxe2 72.Kf3 Re1 73.Rc8 
a4 74.Kf4 a3 75.Ra8 Kb4 76.d6 Kb3 77.d7 Rd1 78.Rb8+ Kc2 79.d8=Q Rxd8 80.
Rxd8 a2 1/2-1/2

[Event "Africa-ch"]
[Site "Maputo MOZ"]
[Date "2011.06.07"]
[Round "4"]
[White "Makoto, Rodwell"]
[Black "Moyo, Dion"]
[Result "1-0"]
[WhiteElo "2157"]
[BlackElo "2109"]
[EventDate "2011.06.04"]
[PlyCount "81"]

1.g3 Nf6 2.Bg2 g6 3.c4 Bg7 4.Nc3 O-O 5.e3 d6 6.Nge2 Nc6 7.O-O e5 8.d3 Bg4 
9.h3 Bd7 10.Rb1 Qc8 11.Kh2 Ne7 12.b4 Bc6 13.Bxc6 Nxc6 14.b5 Ne7 15.e4 Nd7 
16.Be3 f5 17.Bg5 Nf6 18.Bxf6 Bxf6 19.Nd5 Qd7 20.Qb3 Kg7 21.Kg2 Ng8 22.f3 
Kh8 23.Rb2 Bd8 24.Rd1 Qf7 25.Rf1 Qg7 26.Qc3 c6 27.bxc6 bxc6 28.Nb4 Ne7 29.
Na6 Bb6 30.a4 Bd4 31.Nxd4 exd4 32.Qa3 fxe4 33.dxe4 Qe5 34.Rb7 c5 35.Qb3 
Ng8 36.Nc7 Rac8 37.Nd5 Qe8 38.a5 a6 39.Qb6 Rb8 40.Rxb8 Qxb8 41.Rb1 1-0

[Event "Africa-ch"]
[Site "Maputo MOZ"]
[Date "2011.06.07"]
[Round "4"]
[White "Niazi, Nehad"]
[Black "Chumfwa, Stanley"]
[Result "0-1"]
[WhiteElo "2216"]
[BlackElo "2340"]
[EventDate "2011.06.04"]
[PlyCount "106"]

1.d4 Nf6 2.c4 e6 3.Nf3 b6 4.g3 Bb7 5.Bg2 Be7 6.Nc3 O-O 7.O-O Ne4 8.Qc2 
Nxc3 9.bxc3 f5 10.d5 Na6 11.a4 Bd6 12.a5 Nc5 13.Nd4 Qf6 14.Nb5 exd5 15.
Nxd6 Qxd6 16.cxd5 Bxd5 17.Bf4 Qe6 18.Bxd5 Qxd5 19.Bxc7 Qb3 20.Qa2 Qxa2 21.
Rxa2 b5 22.a6 Rfc8 23.Be5 Rc6 24.Rb1 d6 25.Bd4 Rb8 26.Ra5 Rcb6 27.h4 g6 
28.Kg2 Kf7 29.Kf3 Ke6 30.Be3 Kd5 31.Rb4 Kc6 32.h5 Rxa6 33.Rxa6+ Nxa6 34.
Rb1 Nc5 35.hxg6 hxg6 36.Ra1 Ra8 37.g4 fxg4+ 38.Kxg4 a5 39.Ra3 Ne6 40.f3 
Kd5 41.Bb6 a4 42.e4+ Kc4 43.f4 b4 44.cxb4 Kxb4 45.Ra1 a3 46.f5 gxf5+ 47.
Kxf5 Nc5 48.e5 Rf8+ 49.Kg4 Nb3 50.Rxa3 Kxa3 51.exd6 Rf7 52.Kg5 Kb4 53.Kg6 
Rd7 0-1

[Event "Africa-ch"]
[Site "Maputo MOZ"]
[Date "2011.06.07"]
[Round "4"]
[White "Seraoui, Mohcen"]
[Black "Phiri, Richmond"]
[Result "1/2-1/2"]
[WhiteElo "2099"]
[BlackElo "2165"]
[EventDate "2011.06.04"]
[PlyCount "187"]

1.e4 c5 2.Ne2 d6 3.g3 g6 4.Bg2 Bg7 5.c3 Nc6 6.d4 cxd4 7.cxd4 Bg4 8.f3 Bd7 
9.Nbc3 Nf6 10.O-O O-O 11.Kh1 Rc8 12.Be3 Qa5 13.Qd2 b5 14.b3 a6 15.Rac1 
Rfe8 16.Rfd1 h5 17.h3 e5 18.dxe5 dxe5 19.Nd5 Qxd2 20.Rxd2 Nxd5 21.Rxd5 Be6
22.Rdc5 Nb4 23.Rxc8 Rxc8 24.Rxc8+ Bxc8 25.Nc3 Be6 26.Bf1 Bf8 27.Bb6 Bd6 
28.a4 Bxb3 29.axb5 axb5 30.Bxb5 Nc2 31.Ne2 Ne1 32.f4 Bc2 33.Bc6 Bd3 34.
fxe5 Bxe5 35.Nf4 Bc2 36.Bf2 Nf3 37.Bd5 Kg7 38.h4 Nd2 39.Ne2 Nxe4 40.Be1 
Nf6 41.Bf3 Bf5 42.Bc3 Bxc3 43.Nxc3 Nd7 44.Kg1 Kf6 45.Nd5+ Ke5 46.Ne3 Nf6 
47.Kf2 Be4 48.Be2 Bc6 49.Nc4+ Kd4 50.Nd6 Bd5 51.Bf3 Bb3 52.Nb5+ Kc5 53.Nc3
Kd4 54.Ne2+ Ke5 55.Nc3 Bc4 56.Ke3 Bf1 57.Bd1 Bg2 58.Be2 Bd5 59.Bd1 Bc4 60.
Bf3 Ba6 61.Bd1 Bb7 62.Be2 Ne8 63.Nb5 Ba6 64.Nc3 Bxe2 65.Nxe2 Nd6 66.Nc3 
Nf5+ 67.Kf3 Nd4+ 68.Ke3 Nc2+ 69.Kd2 Nb4 70.Ke2 Nd5 71.Nb5 f6 72.Kf3 Ne7 
73.Nc7 Nc6 74.Ke3 Nd4 75.Kf2 Ke4 76.Ne8 Kf5 77.Nd6+ Kg4 78.Ne8 Kf5 79.Nd6+
Ke5 80.Nc4+ Kd5 81.Nb6+ Ke4 82.Nd7 Kf5 83.Nc5 Ne6 84.Nd7 Nd8 85.Nc5 Nf7 
86.Nd7 Ne5 87.Nc5 Kg4 88.Ne4 Kf5 89.Nc5 Nc4 90.Kf3 Nd2+ 91.Ke3 Nc4+ 92.Kf3
Ne5+ 93.Kf2 g5 94.hxg5 1/2-1/2

[Event "Africa-ch"]
[Site "Maputo MOZ"]
[Date "2011.06.07"]
[Round "4"]
[White "Steel, Henry"]
[Black "Solomon, Kenny"]
[Result "1-0"]
[WhiteElo "2328"]
[BlackElo "2433"]
[EventDate "2011.06.04"]
[PlyCount "69"]

1.e4 c5 2.Nf3 e6 3.d4 cxd4 4.Nxd4 a6 5.Nc3 Qc7 6.Bd3 Nf6 7.a4 Bc5 8.Nb3 
Ba7 9.Qe2 Nc6 10.Be3 Bxe3 11.Qxe3 O-O 12.O-O b6 13.f4 d6 14.Rae1 Nd7 15.
Rf3 Bb7 16.f5 Nce5 17.Rg3 Qd8 18.Nd4 Re8 19.Rf1 Rc8 20.Qh6 Qf6 21.Qxf6 
Nxf6 22.fxe6 Ng6 23.exf7+ Kxf7 24.Nd5 Bxd5 25.exd5 a5 26.Bf5 Rc4 27.Be6+ 
Kf8 28.Nf5 Rd8 29.Rb3 Rb8 30.Nxd6 Rxc2 31.g4 Nh4 32.Rh3 Ke7 33.Nb5 g5 34.
Nd4 Rg2+ 35.Kh1 1-0

[Event "Africa-ch"]
[Site "Maputo MOZ"]
[Date "2011.06.08"]
[Round "5"]
[White "Adly, Ahmed"]
[Black "El-Gindy, Essam"]
[Result "1-0"]
[WhiteElo "2630"]
[BlackElo "2506"]
[EventDate "2011.06.04"]
[PlyCount "117"]

1.Nf3 Nf6 2.g3 d5 3.Bg2 Bf5 4.O-O e6 5.c4 c6 6.b3 Be7 7.Bb2 O-O 8.d3 h6 9.
Nc3 Nbd7 10.Re1 Bh7 11.cxd5 cxd5 12.e4 Nc5 13.Ne5 dxe4 14.dxe4 Qxd1 15.
Raxd1 Rfd8 16.f3 Rac8 17.Bf1 a6 18.Ne2 Ncd7 19.Rc1 Bc5+ 20.Kg2 Nxe5 21.
Bxe5 Nd7 22.Bb2 Be3 23.Rxc8 Rxc8 24.Rd1 Nb8 25.Be5 Nc6 26.Bf4 Bxf4 27.Nxf4
g5 28.Nh5 Bg6 29.Nf6+ Kg7 30.Ng4 h5 31.Ne3 Ne5 32.Kf2 Rc3 33.Be2 a5 34.f4 
Ng4+ 35.Bxg4 hxg4 36.f5 exf5 37.exf5 Bh5 38.Rd7 Rc1 39.Rxb7 Ra1 40.a4 Ra2+
41.Kf1 Ra1+ 42.Ke2 Ra2+ 43.Kd3 Rxh2 44.Rb5 Rb2 45.Ke4 f6 46.Rb7+ Kf8 47.
Nd5 Bf7 48.Nxf6 Rxb3 49.Nd7+ Ke7 50.Rxb3 Bxb3 51.Nc5 Bd1 52.Ke5 Bc2 53.Nb7
Bxa4 54.Nxa5 Bc2 55.Nb7 Kf7 56.Nd8+ Kg7 57.Ne6+ Kf7 58.Nxg5+ Ke7 59.Ne4 
1-0

[Event "Africa-ch"]
[Site "Maputo MOZ"]
[Date "2011.06.08"]
[Round "5"]
[White "Amin, Bassem"]
[Black "Haddouche, Mohamed"]
[Result "1/2-1/2"]
[WhiteElo "2596"]
[BlackElo "2398"]
[EventDate "2011.06.04"]
[PlyCount "39"]

1.e4 d6 2.d4 Nf6 3.Nc3 e5 4.Nf3 Nbd7 5.Bc4 Be7 6.O-O O-O 7.Re1 a6 8.a4 b6 
9.Ne2 Bb7 10.Ng3 exd4 11.Nxd4 Re8 12.Ba2 Bf8 13.Bg5 h6 14.Bf4 Nxe4 15.Nxe4
Rxe4 16.Rxe4 Bxe4 17.Bxh6 c5 18.Qh5 Qf6 19.Bg5 Bg6 20.Qf3 1/2-1/2

[Event "Africa-ch"]
[Site "Maputo MOZ"]
[Date "2011.06.08"]
[Round "5"]
[White "Chumfwa, Stanley"]
[Black "Steel, Henry"]
[Result "0-1"]
[WhiteElo "2340"]
[BlackElo "2328"]
[EventDate "2011.06.04"]
[PlyCount "110"]

1.e4 c5 2.Nf3 d6 3.d4 cxd4 4.Qxd4 Nc6 5.Bb5 Bd7 6.Bxc6 Bxc6 7.Nc3 Nf6 8.
Bg5 e6 9.O-O-O Be7 10.Rhe1 Qa5 11.Kb1 O-O 12.Qd2 Rfc8 13.Nd4 Kh8 14.f4 h6 
15.Nb3 Qb6 16.Bxf6 Bxf6 17.Qxd6 Rd8 18.Qc5 Qxc5 19.Nxc5 Bxc3 20.bxc3 Rxd1+
21.Rxd1 b6 22.Na6 Bxe4 23.g3 Rc8 24.Kb2 Bc6 25.Rd4 Bb5 26.Nb4 Kg8 27.Kb3 
Kf8 28.c4 Be8 29.Nd3 Ke7 30.Kb4 f6 31.h4 Rc6 32.c3 Rd6 33.Rxd6 Kxd6 34.c5+
Kd5 35.cxb6 axb6 36.c4+ Kd4 37.c5 b5 38.Nc1 e5 39.Nb3+ Kd3 40.fxe5 fxe5 
41.Ka5 e4 42.Kb6 e3 43.c6 Kc3 44.Nc1 b4 45.c7 Bd7 46.Kc5 b3 47.axb3 Kd2 
48.Kd4 Kxc1 49.Kxe3 Kc2 50.Kd4 Kxb3 51.h5 Kc2 52.Kd5 Kd3 53.Kd6 Bc8 54.Ke7
Ke4 55.Kf7 Kf5 0-1

[Event "Africa-ch"]
[Site "Maputo MOZ"]
[Date "2011.06.08"]
[Round "5"]
[White "El-Taher, Fouad"]
[Black "Jere, Daniel"]
[Result "1/2-1/2"]
[WhiteElo "2486"]
[BlackElo "2320"]
[EventDate "2011.06.04"]
[PlyCount "90"]

1.e4 c5 2.Nf3 Nc6 3.d4 cxd4 4.Nxd4 g6 5.c4 Nf6 6.Nc3 d6 7.f3 Nxd4 8.Qxd4 
Bg7 9.Bg5 O-O 10.Qd2 Qa5 11.Bd3 Be6 12.Rc1 Rfc8 13.b3 a6 14.Nd5 Qxd2+ 15.
Kxd2 Nxd5 16.cxd5 f6 17.Be3 Bd7 18.g4 e6 19.Bc4 Kf7 20.a4 b5 21.axb5 axb5 
22.dxe6+ Bxe6 23.Bxe6+ Kxe6 24.Rxc8 Rxc8 25.Ra1 f5 26.gxf5+ gxf5 27.Ra7 
Bc3+ 28.Kd3 fxe4+ 29.fxe4 Be5 30.Bg5 Bf6 31.Bd2 h5 32.Rb7 h4 33.Rxb5 Be5 
34.Rb7 Bxh2 35.Rh7 Bg3 36.Bg5 d5 37.Bxh4 dxe4+ 38.Kxe4 Bxh4 39.Rxh4 Rc3 
40.Rh6+ Kd7 41.Rb6 Kc7 42.Rb5 Kc6 43.Rb8 Kc5 44.Ke5 Re3+ 45.Kf4 Re1 
1/2-1/2

[Event "Africa-ch"]
[Site "Maputo MOZ"]
[Date "2011.06.08"]
[Round "5"]
[White "Ezat, Mohamed"]
[Black "Belouadah, Saad"]
[Result "0-1"]
[WhiteElo "2453"]
[BlackElo "2342"]
[EventDate "2011.06.04"]
[PlyCount "78"]

1.d4 Nf6 2.c4 e6 3.Nc3 Bb4 4.e3 c5 5.a3 Bxc3+ 6.bxc3 Nc6 7.Bd3 e5 8.Ne2 
O-O 9.O-O d6 10.f3 b6 11.e4 h6 12.Be3 Bd7 13.Bf2 Rc8 14.Bh4 g5 15.Bf2 Nh5 
16.d5 Ne7 17.a4 a5 18.g4 Nf4 19.Nxf4 exf4 20.e5 dxe5 21.Re1 f6 22.h4 Kg7 
23.Kg2 Qc7 24.Rb1 Qd6 25.Rh1 Rh8 26.Qb3 Rb8 27.Qd1 f5 28.gxf5 Nxf5 29.Kf1 
gxh4 30.Ke1 Rhe8 31.Kd2 Qf6 32.Bxf5 Qxf5 33.Rxh4 Kh7 34.Qh1 Qf6 35.Qh2 Rg8
36.Rh1 Rg6 37.Rh5 Rbg8 38.Kc1 e4 39.Kb1 exf3 0-1

[Event "Africa-ch"]
[Site "Maputo MOZ"]
[Date "2011.06.08"]
[Round "5"]
[White "Mucongoma Macone, Miguel"]
[Black "Domingos, Ediberto"]
[Result "1/2-1/2"]
[WhiteElo "2240"]
[BlackElo "2201"]
[EventDate "2011.06.04"]
[PlyCount "56"]

1.Nf3 d5 2.g3 Nf6 3.Bg2 g6 4.O-O Bg7 5.d4 O-O 6.c4 c6 7.cxd5 cxd5 8.Nc3 
Nc6 9.Bf4 Ne4 10.Rc1 Qa5 11.Bd2 Nxc3 12.Bxc3 Qxa2 13.Nd2 Qa6 14.Bxd5 Bh3 
15.Re1 Nxd4 16.Nb3 Rad8 17.e4 Nxb3 18.Qxb3 Bxc3 19.bxc3 b5 20.c4 bxc4 21.
Bxc4 Qa5 22.Qf3 Qg5 23.Ra1 Rc8 24.Be2 h5 25.Rxa7 Bg4 26.Qf4 Qxf4 27.gxf4 
Bxe2 28.Rxe2 e6 1/2-1/2

[Event "Africa-ch"]
[Site "Maputo MOZ"]
[Date "2011.06.08"]
[Round "5"]
[White "Phiri, Richmond"]
[Black "Makoto, Rodwell"]
[Result "0-1"]
[WhiteElo "2165"]
[BlackElo "2157"]
[EventDate "2011.06.04"]
[PlyCount "130"]

1.d4 Nf6 2.c4 g6 3.Nc3 d5 4.cxd5 Nxd5 5.e4 Nxc3 6.bxc3 Bg7 7.Bc4 O-O 8.Ne2
c5 9.O-O Nc6 10.Be3 Na5 11.Bd3 b6 12.Qd2 e5 13.dxc5 Be6 14.Rfe1 Qc7 15.Qc1
Rfd8 16.cxb6 axb6 17.Bc2 Bf8 18.Bg5 Be7 19.Bxe7 Qxe7 20.Qh6 Nc4 21.h4 Rd2 
22.Bb3 Rad8 23.Ng3 Qf6 24.Re2 Qf4 25.Qg5 h6 26.Qxf4 exf4 27.Rxd2 Rxd2 28.
Nf1 Re2 29.f3 Kf8 30.Rd1 Ke7 31.Rd4 b5 32.Rd1 h5 33.Rd3 Kf6 34.Rd1 Ke5 35.
Rb1 Kd6 36.Rc1 Kc5 37.Rd1 Ne3 38.Nxe3 fxe3 39.Kh2 Bc4 40.Kg3 Rd2 41.Re1 
Rd3 42.Rc1 e2 43.Re1 Rxc3 44.Bxc4 bxc4 45.Rxe2 Kd4 46.Rb2 Ra3 47.Rb7 c3 
48.Rd7+ Ke3 49.Rxf7 c2 50.Rc7 Kd2 51.Rxc2+ Kxc2 52.Kf4 Kd3 53.Kg5 Rxa2 54.
Kxg6 Rxg2+ 55.Kxh5 Kd4 56.Kh6 Ke5 57.h5 Kf6 58.f4 Rg4 59.e5+ Kf5 60.Kh7 
Rxf4 61.Kg7 Ra4 62.h6 Ra7+ 63.Kg8 Kg6 64.Kf8 Rf7+ 65.Ke8 Rh7 0-1

[Event "Africa-ch"]
[Site "Maputo MOZ"]
[Date "2011.06.08"]
[Round "5"]
[White "Seraoui, Mohcen"]
[Black "Aderito, Pedro"]
[Result "1/2-1/2"]
[WhiteElo "2099"]
[BlackElo "2339"]
[EventDate "2011.06.04"]
[PlyCount "116"]

1.e4 c5 2.Nf3 Nc6 3.d4 cxd4 4.Nxd4 e5 5.Nb5 d6 6.c4 a6 7.N5c3 Be6 8.Na3 
Be7 9.Be3 Nf6 10.Be2 Rc8 11.O-O O-O 12.Rc1 Kh8 13.Kh1 Ng8 14.Nd5 Bg5 15.
Qd2 Bxe3 16.Nxe3 Qh4 17.f3 Nge7 18.Bd3 Qh6 19.Rfd1 g6 20.Bb1 Rfd8 21.Nd5 
Qxd2 22.Rxd2 Bxd5 23.exd5 Nd4 24.Re1 Rd7 25.b3 Kg7 26.Kg1 b5 27.cxb5 axb5 
28.Bd3 Rc5 29.b4 Rxd5 30.Red1 Ra7 31.Nb1 Rc7 32.Na3 Ra7 33.Nb1 Rc7 34.Na3 
f5 35.Bf1 Rc3 36.Nxb5 Rxb5 37.Rxd4 exd4 38.Bxb5 Nd5 39.Rxd4 Rc1+ 40.Kf2 
Rc2+ 41.Kg1 Rc1+ 42.Kf2 Rc2+ 43.Kg1 Rc1+ 44.Kf2 Rc2+ 45.Ke1 Ne3 46.Rd2 
Nxg2+ 47.Kd1 Ne3+ 48.Ke2 f4 49.Rxc2 Nxc2 50.a4 Nxb4 51.a5 Kf6 52.a6 Nd5 
53.a7 Nc7 54.Bc6 Kg5 55.a8=Q Nxa8 56.Bxa8 Kh4 57.Kf2 g5 58.Bd5 h5 1/2-1/2

[Event "Africa-ch"]
[Site "Maputo MOZ"]
[Date "2011.06.08"]
[Round "5"]
[White "Solomon, Kenny"]
[Black "Paiva, Donaldo"]
[Result "1-0"]
[WhiteElo "2433"]
[BlackElo "2121"]
[EventDate "2011.06.04"]
[PlyCount "132"]

1.d4 Nf6 2.c4 g6 3.Nc3 Bg7 4.e4 d6 5.Nf3 O-O 6.h3 c5 7.d5 e6 8.Bd3 exd5 9.
cxd5 b5 10.Nxb5 Nxe4 11.O-O Ba6 12.Re1 Nf6 13.a4 Bb7 14.Bf4 a6 15.Nxd6 
Bxd5 16.Bc4 Bxc4 17.Nxc4 Qxd1 18.Raxd1 Nbd7 19.g4 h6 20.Nfe5 Nxe5 21.Bxe5 
Rfd8 22.Bd6 Bf8 23.Bc7 Rxd1 24.Rxd1 Re8 25.Be5 Bg7 26.f3 Re6 27.Rd8+ Kh7 
28.Rc8 Nd7 29.Bxg7 Kxg7 30.b3 Re1+ 31.Kf2 Rb1 32.Rc7 Nf8 33.Rb7 Ne6 34.Nd6
Nd4 35.Rxf7+ Kg8 36.Rf6 Rb2+ 37.Ke3 Rxb3+ 38.Ke4 Kg7 39.Rf7+ Kg8 40.Rf6 
Kg7 41.Ne8+ Kh7 42.h4 a5 43.h5 gxh5 44.gxh5 Rb8 45.Nd6 Rb4 46.Ke5 Rxa4 47.
f4 Ra1 48.Rf7+ Kg8 49.Kf6 Rb1 50.Rg7+ Kf8 51.Rf7+ Kg8 52.Rg7+ Kf8 53.Rc7 
Rb8 54.f5 Nb5 55.Rf7+ Kg8 56.Rg7+ Kf8 57.Nc4 Na3 58.Nd6 Nb5 59.Rf7+ Kg8 
60.Rg7+ Kf8 61.Nb7 Nd4 62.Rc7 a4 63.Nxc5 Ra8 64.Kg6 Nf3 65.Nd7+ Ke8 66.
Nf6+ Kd8 1-0

[Event "Africa-ch"]
[Site "Maputo MOZ"]
[Date "2011.06.08"]
[Round "5"]
[White "Solomons, Deon"]
[Black "Niazi, Nehad"]
[Result "1/2-1/2"]
[WhiteElo "2214"]
[BlackElo "2216"]
[EventDate "2011.06.04"]
[PlyCount "58"]

1.Nf3 Nf6 2.g3 g6 3.Bg2 Bg7 4.d3 O-O 5.O-O c5 6.e4 Nc6 7.Re1 d6 8.a4 Rb8 
9.c3 a6 10.h3 b5 11.axb5 axb5 12.d4 Nd7 13.Be3 Bb7 14.Na3 b4 15.Nc4 bxc3 
16.bxc3 Qc7 17.Bf1 cxd4 18.cxd4 Nb4 19.Nfd2 d5 20.Bf4 e5 21.Nxe5 Nxe5 22.
dxe5 Bxe5 23.Rc1 Bc6 24.Bxe5 Qxe5 25.Nf3 Qb2 26.Nd4 Bd7 27.Rb1 Qa3 28.Ra1 
Qc3 29.Rc1 Qa3 1/2-1/2

[Event "Africa-ch"]
[Site "Maputo MOZ"]
[Date "2011.06.10"]
[Round "6"]
[White "Chumfwa, Stanley"]
[Black "Solomon, Kenny"]
[Result "1-0"]
[WhiteElo "2340"]
[BlackElo "2433"]
[EventDate "2011.06.04"]
[PlyCount "125"]

1.e4 c5 2.Nf3 e6 3.d4 cxd4 4.Nxd4 a6 5.Nc3 Qc7 6.Be2 b5 7.O-O Bb7 8.Bf3 b4
9.Na4 Bd6 10.g3 Nf6 11.Re1 Nc6 12.c3 bxc3 13.Nxc6 Bxc6 14.Nxc3 O-O 15.Be3 
Rab8 16.Re2 Be5 17.Bd4 d6 18.Rc1 Rfc8 19.Bxe5 dxe5 20.Rec2 Qe7 21.Qe2 Qb7 
22.Qe3 h6 23.Nb1 Bb5 24.Na3 Rxc2 25.Rxc2 Be8 26.Qc5 Nd7 27.Qd6 Rc8 28.Nc4 
Qc6 29.Qa3 Nf6 30.Rc3 Qc5 31.Nxe5 Qxa3 32.Rxa3 Rc1+ 33.Kg2 Bb5 34.Nd3 Ra1 
35.h3 Nd7 36.Be2 g5 37.Kf3 f5 38.exf5 exf5 39.Ke3 Nb6 40.b3 Rh1 41.Ra5 
Rxh3 42.a4 f4+ 43.Kd4 fxg3 44.fxg3 Bxa4 45.bxa4 Rxg3 46.Rxa6 Nxa4 47.Rxa4 
Kg7 48.Ra7+ Kf6 49.Ne5 g4 50.Ra6+ Kg5 51.Rg6+ Kf4 52.Bxg4 Ra3 53.Nd3+ Kg3 
54.Be2+ Kh4 55.Ke3 h5 56.Kf2 Kh3 57.Rg5 h4 58.Nf4+ Kh2 59.Rg2+ Kh1 60.Bf3 
Ra2+ 61.Ne2 Rxe2+ 62.Bxe2 h3 63.Rg3 1-0